MyGZULibrary

Transport phenomena in plants / (Record no. 6507)

MARC details
000 -LEADER
fixed length control field 00856cam a2200265 i 4500
001 - CONTROL NUMBER
control field 1304584
003 - CONTROL NUMBER IDENTIFIER
control field GZU
005 - DATE AND TIME OF LATEST TRANSACTION
control field 20210426104817.0
008 - FIXED-LENGTH DATA ELEMENTS--GENERAL INFORMATION
fixed length control field 771215s1978 enka b 001 0 eng
010 ## - LIBRARY OF CONGRESS CONTROL NUMBER
LC control number 77027084
020 ## - INTERNATIONAL STANDARD BOOK NUMBER
International Standard Book Number 0470262885
040 ## - CATALOGING SOURCE
Original cataloging agency DLC
Transcribing agency DLC
Modifying agency DLC
050 00 - LIBRARY OF CONGRESS CALL NUMBER
Classification number QK871.
Item number BAK 1978
100 1# - MAIN ENTRY--PERSONAL NAME
Personal name Baker, D. A.
Relator term author
245 10 - TITLE STATEMENT
Title Transport phenomena in plants /
Statement of responsibility, etc. D. A. Baker.
260 ## - PUBLICATION, DISTRIBUTION, ETC.
Place of publication, distribution, etc. London :
Name of publisher, distributor, etc. Chapman and Hall ;
Place of publication, distribution, etc. New York :
Name of publisher, distributor, etc. Wiley : distributed in the U.S.A. by Halsted Press,
Date of publication, distribution, etc. c1978.
300 ## - PHYSICAL DESCRIPTION
Extent 80 p. :
Other physical details ill. ;
Dimensions 22 cm.
490 1# - SERIES STATEMENT
Series statement Outline studies in biology
500 ## - GENERAL NOTE
General note Includes index.
504 ## - BIBLIOGRAPHY, ETC. NOTE
Bibliography, etc. note Bibliography: p. 73-76.
650 #0 - SUBJECT ADDED ENTRY--TOPICAL TERM
Topical term or geographic name entry element Plant translocation.
830 #0 - SERIES ADDED ENTRY--UNIFORM TITLE
Uniform title Outline studies in biology (Chapman and Hall)
906 ## - LOCAL DATA ELEMENT F, LDF (RLIN)
a 7
b cbc
c orignew
d 1
e ocip
f 19
g y-gencatlg
942 ## - ADDED ENTRY ELEMENTS (KOHA)
Source of classification or shelving scheme Library of Congress Classification
Koha item type Books
Classification part 871
Item part BAK
Call number prefix QK
Holdings
Withdrawn status Lost status Source of classification or shelving scheme Damaged status Not for loan Collection code Home library Current library Shelving location Date acquired Inventory number Total Checkouts Full call number Barcode Date last seen Copy number Price effective from Koha item type
    Library of Congress Classification     Non-fiction City Campus Library City Campus Library General Stacks 04/26/2021 2000/143   QK871 BAK 1978 G20387 04/26/2021 c-1 04/26/2021 Books